[Event "SUI-ch 117th"]
[Site "Graechen"]
[Date "2017.07.14"]
[Round "2"]
[White "Jenal, Juerg"]
[Black "Lu, Hanqi"]
[Result "1-0"]
[WhiteElo "2057"]
[BlackElo "1881"]
[PlyCount "77"]
[EventDate "2017.07.13"]
[EventType "swiss"]
[EventRounds "9"]
[EventCountry "SUI"]
[SourceTitle "EXT 2019"]
[Source "ChessBase"]
[SourceDate "2018.10.10"]
[SourceVersion "1"]
[SourceVersionDate "2018.10.10"]
[SourceQuality "1"]

1. e4 e5 2. Nf3 Nc6 3. Bb5 Nf6 4. d3 Bc5 5. c3 0-0 6. 0-0 d6 7. h3 h6 8. Ba4 Bb6 9. Re1 Ne7 10. d4 exd4 11. cxd4 d5 12. e5 Nd7 13. Nc3 c6 14. Bc2 Re8 15. Be3 Nf8 16. Nh2 Nf5 17. Na4 Be6 18. b4 Qd7 19. Qd3 Ne7 20. Qd2 Bf5 21. Bd1 Ne6 22. Rc1 Rad8 23. Ng4 h5 24. Nh2 Bg6 25. Nc5 Bxc5 26. bxc5 Rb8 27. Rc3 Nf5 28. Nf3 b5 29. cxb6 Rxb6 30. Be2 Reb8 31. Rec1 Rb2 32. Qd1 Nxe3 33. fxe3 Rxa2 34. Rxc6 Rbb2 35. Bf1 Be4 36. Rc8+ Kh7 37. Ng5+ Kg6 38. Nxe4 dxe4 39. Rh8 1-0

[Event "SUI-ch 117th"]
[Site "Graechen"]
[Date "2017.07.13"]
[Round "1"]
[White "Sokolov, Andrei"]
[Black "Jenal, Juerg"]
[Result "1-0"]
[WhiteElo "2503"]
[BlackElo "2057"]
[PlyCount "81"]
[EventDate "2017.07.13"]
[EventType "swiss"]
[EventRounds "9"]
[EventCountry "SUI"]
[SourceTitle "EXT 2018"]
[Source "ChessBase"]
[SourceDate "2017.10.13"]
[SourceVersion "1"]
[SourceVersionDate "2017.10.13"]
[SourceQuality "1"]

1. e4 c5 2. Nf3 e6 3. d4 cxd4 4. Nxd4 a6 5. Bd3 Qc7 6. 0-0 Nc6 7. Nxc6 dxc6 8. a4 Nf6 9. Be3 e5 10. a5 Bb4 11. Bb6 Qe7 12. Nd2 Bg4 13. Qc1 Nd7 14. Be3 Nc5 15. Bc4 Bxd2 16. Qxd2 Nxe4 17. Qd3 Bf5 18. Qb3 0-0 19. Rfe1 Rfd8 20. Bb6 Rd7 21. Qe3 Nd6 22. Bb3 Re8 23. Rad1 e4 24. Qf4 Qe5 25. Qxe5 Rxe5 26. f3 Nb5 27. Rxd7 Bxd7 28. Rd1 Be8 29. c4 exf3 30. gxf3 h6 31. cxb5 Rxb5 32. Bc4 Re5 33. Rd8 Kh7 34. Bd4 Re7 35. Bc5 Re5 36. Bd6 Re1+ 37. Kf2 Rd1 38. Ke2 Rd4 39. b3 f5 40. Rxe8 Rxd6 41. Re7 1-0

[Event "Zuerich op-A 40th"]
[Site "Zuerich"]
[Date "2016.12.26"]
[Round "1"]
[White "Stojanovic, Mihajlo"]
[Black "Jenal, Juerg"]
[Result "1-0"]
[WhiteElo "2515"]
[BlackElo "2099"]
[PlyCount "53"]
[EventDate "2016.12.26"]
[EventType "swiss"]
[EventRounds "7"]
[EventCountry "SUI"]
[SourceTitle "CBM 176 Extra"]
[Source "ChessBase"]
[SourceDate "2017.03.02"]
[SourceVersion "1"]
[SourceVersionDate "2017.03.02"]
[SourceQuality "1"]

1. Nf3 d5 2. d4 e6 3. c4 c5 4. cxd5 exd5 5. Bg5 Be7 6. Bxe7 Nxe7 7. dxc5 Qa5+ 8. Nc3 Qxc5 9. Qd4 Qxd4 10. Nxd4 Nbc6 11. Nxc6 bxc6 12. e3 Bf5 13. Ba6 0-0 14. 0-0 Rab8 15. Na4 c5 16. b3 c4 17. bxc4 Rb4 18. Nc5 dxc4 19. Rfc1 Rd8 20. Bxc4 Rb2 21. e4 Bg6 22. Nd3 Rd2 23. Ne5 Rc8 24. f3 Kf8 25. Bb3 Rcd8 26. Rc7 Rb2 27. Nc4 1-0

[Event "SUI-ch HT"]
[Site "Bern"]
[Date "2014.10.01"]
[Round "6"]
[White "Jenal, Juerg"]
[Black "Benkovic, Petar"]
[Result "1/2-1/2"]
[WhiteElo "2121"]
[BlackElo "2412"]
[PlyCount "73"]
[EventDate "2014.09.27"]
[EventType "swiss"]
[EventRounds "9"]
[EventCountry "SUI"]
[SourceTitle "EXT 2016"]
[Source "ChessBase"]
[SourceDate "2015.10.08"]
[SourceVersion "1"]
[SourceVersionDate "2015.10.08"]
[SourceQuality "1"]

1. e4 c5 2. Nf3 e6 3. d4 cxd4 4. Nxd4 a6 5. Nc3 Qc7 6. g3 Nf6 7. Bg2 Be7 8. 0-0 0-0 9. f4 d6 10. Be3 Nc6 11. h3 Bd7 12. g4 Nxd4 13. Bxd4 Bc6 14. g5 Nd7 15. Qh5 e5 16. Be3 exf4 17. Rxf4 g6 18. Qh6 f6 19. Raf1 Rf7 20. Bd4 Bf8 21. Qh4 fxg5 22. Qxg5 Rxf4 23. Qxf4 Ne5 24. h4 Bg7 25. Bh3 Qe7 26. Nd5 Bxd5 27. exd5 Rf8 28. Be6+ Kh8 29. Qe4 Rxf1+ 30. Kxf1 Nd7 31. c4 Bxd4 32. Qxd4+ Ne5 33. Qf4 Nd3 34. Qd4+ Ne5 35. Qf4 Nd3 36. Qd4+ Ne5 37. Qf4 1/2-1/2

[Event "Biel MTO op 42nd"]
[Site "Biel"]
[Date "2009.07.20"]
[Round "1"]
[White "Roiz, Michael"]
[Black "Jenal, Juerg"]
[Result "1-0"]
[WhiteElo "2658"]
[BlackElo "2162"]
[PlyCount "53"]
[EventDate "2009.07.20"]
[EventType "swiss"]
[EventRounds "11"]
[EventCountry "SUI"]
[SourceTitle "CBM 131 Extra"]
[Source "ChessBase"]
[SourceDate "2009.09.03"]
[SourceVersion "2"]
[SourceVersionDate "2009.09.16"]
[SourceQuality "1"]

1. Nf3 c5 2. c4 Nc6 3. d4 cxd4 4. Nxd4 g6 5. g3 Bg7 6. Nc2 d6 7. Bg2 Nf6 8. Nc3 0-0 9. 0-0 Be6 10. Ne3 Qd7 11. Re1 Rac8 12. Bd2 Ng4 13. Nxg4 Bxg4 14. b3 Bd4 15. Rc1 Qf5 16. Bf4 e5 17. Be3 Rfe8 18. Qd2 b6 19. Ne4 Bxe3 20. fxe3 Qe6 21. Rf1 Bf5 22. Ng5 Qe7 23. Nxf7 Kxf7 24. e4 Nd4 25. exf5 gxf5 26. e3 Qg5 27. Qd3 1-0

[Event "Zuerich op-A 32nd"]
[Site "Zuerich"]
[Date "2008.12.29"]
[Round "6"]
[White "Moor, Roger"]
[Black "Jenal, Juerg"]
[Result "1-0"]
[WhiteElo "2357"]
[BlackElo "2161"]
[PlyCount "103"]
[EventDate "2008.12.26"]
[EventType "swiss"]
[EventRounds "7"]
[EventCountry "SUI"]
[SourceTitle "CBM 127 Extra"]
[Source "ChessBase"]
[SourceDate "2009.01.08"]
[SourceVersion "2"]
[SourceVersionDate "2009.01.28"]
[SourceQuality "1"]

1. Nf3 c5 2. c4 Nc6 3. g3 g6 4. Bg2 Bg7 5. Nc3 d6 6. a3 e6 7. 0-0 Nge7 8. b4 0-0 9. Rb1 Rb8 10. e3 Nf5 11. Qa4 Bd7 12. Qb3 b6 13. Rd1 Qe7 14. Bb2 Rfc8 15. Ne2 e5 16. Nc3 Be6 17. Nd5 Qd8 18. b5 Na5 19. Qa2 Bxd5 20. cxd5 Qd7 21. a4 Re8 22. d3 h6 23. Bh3 Qd8 24. Nd2 Ne7 25. Bc3 Nb7 26. e4 f5 27. Nc4 Rf8 28. a5 Nc8 29. axb6 Nxb6 30. Qxa7 Nxc4 31. dxc4 fxe4 32. Bd2 Qf6 33. Be3 Qf3 34. Qa2 Ra8 35. Qc2 Qh5 36. Bg2 g5 37. Bxe4 Ra3 38. Ra1 Rfa8 39. Qb2 R3a5 40. Kg2 Qg4 41. f3 Qd7 42. Bd2 Ra4 43. Rxa4 Rxa4 44. Qb3 Ra7 45. g4 Bf6 46. h4 Qd8 47. b6 Ra6 48. Rb1 Qa8 49. hxg5 hxg5 50. Rb2 Ra1 51. Qb5 Ra4 52. Qd7 1-0

[Event "SUI-ch op"]
[Site "Samnaun"]
[Date "2008.07.11"]
[Round "2"]
[White "Gormally, Daniel"]
[Black "Jenal, Juerg"]
[Result "1-0"]
[WhiteElo "2504"]
[BlackElo "2162"]
[PlyCount "63"]
[EventDate "2008.07.08"]
[EventType "tourn"]
[EventRounds "9"]
[EventCountry "SUI"]
[SourceTitle "CBM 125 Extra"]
[Source "ChessBase"]
[SourceDate "2008.09.01"]
[SourceVersion "1"]
[SourceVersionDate "2008.09.01"]
[SourceQuality "1"]

1. d4 Nf6 2. Nf3 g6 3. c4 Bg7 4. Nc3 c5 5. d5 0-0 6. e4 d6 7. Be2 e6 8. 0-0 exd5 9. exd5 Bf5 10. Nh4 Bd7 11. g3 Na6 12. Bf4 Re8 13. Ng2 Bf5 14. Bd3 Bg4 15. Qd2 Nc7 16. a4 Qd7 17. f3 Bh3 18. g4 h5 19. g5 Nh7 20. Ne4 Bd4+ 21. Kh1 Be5 22. Bxe5 Rxe5 23. f4 Re7 24. Nf6+ Nxf6 25. gxf6 Bxg2+ 26. Kxg2 Qg4+ 27. Kh1 Ree8 28. f5 g5 29. Rg1 Qf3+ 30. Rg2 Kh7 31. Be2 Qe4 32. Qxg5 1-0

[Event "Samnaun HT1"]
[Site "Samnaun"]
[Date "2004.07.16"]
[Round "9"]
[White "Jenal, Juerg"]
[Black "Zanetti, Bruno"]
[Result "1-0"]
[WhiteElo "2182"]
[BlackElo "2071"]
[PlyCount "57"]
[EventDate "2004.07.08"]
[EventType "swiss"]
[EventRounds "9"]
[EventCountry "SUI"]
[SourceTitle "EXT 2005"]
[Source "ChessBase"]
[SourceDate "2004.11.15"]
[SourceVersion "1"]
[SourceVersionDate "2004.11.15"]
[SourceQuality "1"]

1. e4 c5 2. Nf3 Nc6 3. Bb5 e5 4. Bxc6 bxc6 5. 0-0 d6 6. c3 Nf6 7. d4 cxd4 8. cxd4 exd4 9. Qxd4 Be7 10. Be3 0-0 11. Rd1 Bg4 12. Nbd2 d5 13. e5 Bxf3 14. gxf3 Nd7 15. Kh1 Rb8 16. a3 Nc5 17. Qg4 Kh8 18. b4 Ne6 19. Nb3 Rb7 20. Rac1 Qb8 21. Na5 Rc7 22. Nxc6 Rxc6 23. Rxc6 Qxe5 24. Bxa7 h5 25. Bd4 Nxd4 26. Qxd4 Qe2 27. Qxd5 Kg8 28. Rg1 Qxf2 29. Rcg6 1-0

[Event "Politiken Cup 24th"]
[Site "Copenhagen"]
[Date "2002.07.26"]
[Round "11"]
[White "Skovgaard, Tom"]
[Black "Jenal, Juerg"]
[Result "1/2-1/2"]
[WhiteElo "2074"]
[BlackElo "2194"]
[PlyCount "106"]
[EventDate "2002.07.15"]
[EventType "swiss"]
[EventRounds "11"]
[EventCountry "DEN"]
[SourceTitle "CBM 089 Extra"]
[Source "ChessBase"]
[SourceDate "2002.09.10"]
[SourceVersion "2"]
[SourceVersionDate "2002.09.10"]
[SourceQuality "1"]

1. e4 c5 2. Nf3 Nc6 3. d4 cxd4 4. Nxd4 g6 5. Nc3 Bg7 6. Be3 Nf6 7. Bc4 0-0 8. Bb3 d6 9. h3 Bd7 10. 0-0 a6 11. f4 Qc7 12. Qf3 b5 13. a3 Na5 14. Nd5 Nxd5 15. Bxd5 Rac8 16. f5 Bf6 17. fxg6 hxg6 18. Qg3 Kg7 19. Rxf6 exf6 20. Rf1 Qd8 21. Nf5+ Bxf5 22. Rxf5 Nc4 23. Bxc4 Rxc4 24. c3 Qe7 25. Bd4 Rxd4 26. cxd4 Qxe4 27. Rf4 Qb1+ 28. Rf1 Qxb2 29. Qxd6 Kg8 30. Qxf6 Qxa3 31. Rf4 Qe3+ 32. Kh2 Qe6 33. Qg5 Qd6 34. h4 Re8 35. Qg4 Re4 36. g3 Rxf4 37. gxf4 a5 38. h5 Kg7 39. Qg5 f5 40. hxg6 Qxg6 41. d5 Qxg5 42. fxg5 a4 43. d6 a3 44. d7 a2 45. d8Q a1Q 46. Qd7+ Kg6 47. Qxb5 Kxg5 48. Qd5 Qb2+ 49. Kg3 Qc3+ 50. Kg2 Kg4 51. Qd1+ Kf4 52. Qd6+ Qe5 53. Qxe5+ Kxe5 1/2-1/2

[Event "Politiken Cup 24th"]
[Site "Copenhagen"]
[Date "2002.07.18"]
[Round "4"]
[White "Jenal, Juerg"]
[Black "Hansen, Alexei Cherstiouk"]
[Result "1-0"]
[WhiteElo "2194"]
[BlackElo "1563"]
[PlyCount "45"]
[EventDate "2002.07.15"]
[EventType "swiss"]
[EventRounds "11"]
[EventCountry "DEN"]
[SourceTitle "CBM 089 Extra"]
[Source "ChessBase"]
[SourceDate "2002.09.10"]
[SourceVersion "2"]
[SourceVersionDate "2002.09.10"]
[SourceQuality "1"]

1. e4 c5 2. Nf3 d6 3. d4 cxd4 4. Nxd4 Nf6 5. Nc3 g6 6. Bc4 Bg7 7. 0-0 0-0 8. Bb3 Nc6 9. h3 Bd7 10. Be3 Rc8 11. f4 Qb6 12. Nf5 Qc7 13. Nxg7 Kxg7 14. Qd2 Kg8 15. f5 Ne5 16. Bh6 Qc5+ 17. Kh1 Rfd8 18. Qg5 b5 19. Rae1 Bc6 20. fxg6 Nxg6 21. Rf5 Qd4 22. Rd1 Qb6 23. Rxf6 1-0

[Event "Politiken Cup 24th"]
[Site "Copenhagen"]
[Date "2002.07.17"]
[Round "3"]
[White "Robertsen, Thomas"]
[Black "Jenal, Juerg"]
[Result "1-0"]
[WhiteElo "2022"]
[BlackElo "2194"]
[PlyCount "75"]
[EventDate "2002.07.15"]
[EventType "swiss"]
[EventRounds "11"]
[EventCountry "DEN"]
[SourceTitle "CBM 089 Extra"]
[Source "ChessBase"]
[SourceDate "2002.09.10"]
[SourceVersion "2"]
[SourceVersionDate "2002.09.10"]
[SourceQuality "1"]

1. e4 c5 2. Nf3 d6 3. c3 Nf6 4. Be2 g6 5. 0-0 Bg7 6. Re1 0-0 7. d3 Nc6 8. Bf1 Qc7 9. h3 b6 10. d4 Bb7 11. d5 Na5 12. Bf4 Rad8 13. Nbd2 c4 14. Rc1 Nh5 15. Be3 f5 16. b4 cxb3 17. axb3 f4 18. Bd4 Bc8 19. Bxg7 Nxg7 20. b4 Nb7 21. Nb3 e5 22. dxe6 Bxe6 23. Nbd4 Bc4 24. Nb5 Bxb5 25. Bxb5 d5 26. e5 Nf5 27. Nd4 Nxd4 28. Qxd4 f3 29. g3 Rf5 30. c4 dxc4 31. Qxc4+ Qxc4 32. Bxc4+ Kh8 33. Ba6 Rf7 34. Rcd1 Kg7 35. e6 Re7 36. Bxb7 Rxe6 37. Bxf3 Rxe1+ 38. Rxe1 1-0

[Event "SUI-chT"]
[Site "Switzerland"]
[Date "2002.04.21"]
[Round "3.4"]
[White "Flueckiger, Christian"]
[Black "Jenal, Juerg"]
[Result "1-0"]
[WhiteElo "2308"]
[BlackElo "2190"]
[PlyCount "75"]
[EventDate "2002.03.03"]
[EventType "team-tourn"]
[EventRounds "9"]
[EventCountry "SUI"]
[SourceTitle "EXT 2003"]
[Source "ChessBase"]
[SourceDate "2002.11.25"]
[SourceVersion "1"]
[SourceVersionDate "2002.11.25"]
[SourceQuality "1"]
[WhiteTeam "Bern"]
[BlackTeam "St Gallen"]
[WhiteTeamCountry "SUI"]
[BlackTeamCountry "SUI"]

1. e4 c5 2. Nf3 d6 3. d4 cxd4 4. Nxd4 Nf6 5. Nc3 g6 6. Be3 Bg7 7. f3 Nc6 8. Qd2 0-0 9. 0-0-0 d5 10. Qe1 e6 11. h4 Qe7 12. Nb3 Rd8 13. exd5 Nxd5 14. Bg5 f6 15. Nxd5 exd5 16. Qxe7 Nxe7 17. Bf4 Nc6 18. Be2 b6 19. h5 Be6 20. hxg6 hxg6 21. Ba6 Bc8 22. Bd3 f5 23. Bg5 Rf8 24. Bb5 Bb7 25. Rxd5 Ne5 26. Rd6 Rac8 27. Nd4 Rc5 28. Ba4 Bd5 29. Rxd5 Rxd5 30. Bb3 Nf7 31. Bxd5 Bxd4 32. Re1 Bc5 33. Bf6 Rc8 34. Rh1 Kf8 35. Rh7 Be3+ 36. Kd1 Rc7 37. Bxf7 Rxf7 38. Rh8# 1-0

[Event "SUI-chT"]
[Site "Switzerland"]
[Date "2002.03.24"]
[Round "2.6"]
[White "Jenal, Juerg"]
[Black "Gruenenwald, Joerg"]
[Result "0-1"]
[WhiteElo "2190"]
[BlackElo "2374"]
[PlyCount "54"]
[EventDate "2002.03.03"]
[EventType "team-tourn"]
[EventRounds "9"]
[EventCountry "SUI"]
[SourceTitle "EXT 2003"]
[Source "ChessBase"]
[SourceDate "2002.11.25"]
[SourceVersion "1"]
[SourceVersionDate "2002.11.25"]
[SourceQuality "1"]
[WhiteTeam "St Gallen"]
[BlackTeam "Zuerich"]
[WhiteTeamCountry "SUI"]
[BlackTeamCountry "SUI"]

1. e4 c5 2. Nf3 d6 3. d4 cxd4 4. Nxd4 Nf6 5. Nc3 a6 6. Bc4 e6 7. Bb3 Nbd7 8. 0-0 Nc5 9. f4 Be7 10. Qf3 0-0 11. Be3 Qc7 12. f5 Nxb3 13. axb3 e5 14. Nde2 b5 15. b4 Bb7 16. Ng3 d5 17. exd5 Bxb4 18. Nge4 Nxe4 19. Nxe4 Qxc2 20. Bh6 gxh6 21. Qg3+ Kh8 22. Qh4 f6 23. Rac1 Qd3 24. Qxh6 Qxd5 25. Rc7 Rf7 26. Rxf7 Qxf7 27. Nxf6 Qg7 0-1

[Event "Zuerich op 25th"]
[Site "Zuerich"]
[Date "2001.12.26"]
[Round "1"]
[White "Kogan, Artur"]
[Black "Jenal, Juerg"]
[Result "0-1"]
[WhiteElo "2565"]
[BlackElo "2182"]
[PlyCount "68"]
[EventDate "2001.12.26"]
[EventType "swiss"]
[EventRounds "7"]
[EventCountry "SUI"]
[SourceTitle "EXT 2003"]
[Source "ChessBase"]
[SourceDate "2002.11.25"]
[SourceVersion "1"]
[SourceVersionDate "2002.11.25"]
[SourceQuality "1"]

1. d4 Nf6 2. c4 e6 3. Nc3 c5 4. d5 exd5 5. cxd5 d6 6. Nf3 g6 7. Qa4+ Nbd7 8. Bf4 a6 9. e4 Rb8 10. e5 b5 11. Qc2 dxe5 12. Nxe5 Nxe5 13. Bxe5 Bd6 14. Bxd6 Qxd6 15. Be2 0-0 16. Rd1 Re8 17. 0-0 b4 18. Na4 Bf5 19. Qc4 Bd7 20. Qxc5 Qxc5 21. Nxc5 Rxe2 22. Rfe1 Rbe8 23. Rxe2 Rxe2 24. g4 Bxg4 25. d6 Rc2 26. f3 Nd7 27. Nxa6 Bxf3 28. Rd4 Rg2+ 29. Kf1 Rxb2 30. Nxb4 f5 31. a4 Kf7 32. a5 Ke6 33. a6 Ne5 34. Ke1 Rxb4 0-1